|
|
|
|
| LEADER |
00000cam a2200000 7i4500 |
| 001 |
0000056379 |
| 005 |
20151222.0 |
| 008 |
151209 |
| 020 |
|
|
|a 9789838809832 (set)
|
| 020 |
|
|
|a 9789838809863
|
| 090 |
0 |
0 |
|a AD
|b MAL
|
| 100 |
0 |
|
|a Sailey Azizah
|
| 245 |
0 |
0 |
|a Bolehkah bertaut semula
|c Sailey Azizah
|
| 260 |
|
|
|a Selangor :
|b Eddiplex ,
|c 2015
|
| 300 |
|
|
|a 158pg. ;
|c 18.5cm.
|
| 490 |
1 |
|
|a Siri merentas bahaya
|
| 500 |
|
|
|a Children ages 10-12 years old (pink)
|
| 650 |
|
0 |
|a Malay fiction
|
| 999 |
|
|
|a 0001373596
|b Book
|c Teenagers
|e Cawangan Bandar Tenggara
|
| 999 |
|
|
|a 0001373597
|b Book
|c Children Collection
|e Cawangan Bandar Penawar
|
| 999 |
|
|
|a 0001373598
|b Book
|c Children Collection
|e Cawangan Taman Sri Lambak
|
| 999 |
|
|
|a 0001373599
|b Book
|c Children Collection
|e Cawangan Tangkak
|
| 999 |
|
|
|a 0001373600
|b Book
|c Children Collection
|e Cawangan Kota Tinggi
|
| 999 |
|
|
|a 0001373601
|b Book
|c Children Collection
|e Cawangan Muar
|
| 999 |
|
|
|a 0001373602
|b Book
|c Children Collection
|e Cawangan Mersing
|
| 999 |
|
|
|a 0001373603
|b Book
|c Children Collection
|e Cawangan Bukit Gambir
|
| 999 |
|
|
|a 0001373604
|b Book
|c Children Collection
|e Cawangan Batu Pahat
|
| 999 |
|
|
|a 0001373605
|b Book
|c Children Collection
|e Cawangan Pontian
|
| 999 |
|
|
|a 0001373606
|b Book
|c Children Collection
|e Cawangan Segamat
|
| 999 |
|
|
|a 0001373607
|b Book
|c Children Collection
|e Cawangan Sri Merlong
|
| 999 |
|
|
|a 0001373608
|b Book
|c Children Collection
|e Cawangan Tmn. Ungku Tun Aminah
|
| 999 |
|
|
|a 0001373609
|b Book
|c Children Collection
|e Cawangan Taman Universiti
|
| 999 |
|
|
|a 0001374880
|b Book
|c Children Collection
|e Perbadanan Perpustakaan Awam Johor
|
| 999 |
|
|
|a 0001374881
|b Book
|c Children Collection
|e Perbadanan Perpustakaan Awam Johor
|
| 999 |
|
|
|a 0001374882
|b Book
|c Children Collection
|e Perbadanan Perpustakaan Awam Johor
|
| 999 |
|
|
|a 0001374883
|b Book
|c Children Collection
|e Cawangan Urban Transformation Centre
|
| 999 |
|
|
|a 0001374884
|b Book
|c Children Collection
|e Cawangan Urban Transformation Centre
|